| 000 | 00488nab a2200193 a 4500 | ||
|---|---|---|---|
| 005 | 20210223125856.0 | ||
| 008 | 991125s1985 mx 000 0 spa u | ||
| 035 | _aUPN01000143840 | ||
| 100 | 1 |
_aMagendzo, Abraham _929097 |
|
| 222 | _aEDUCACION 2001 | ||
| 245 | _aCurriculum escolar y derechos humanos | ||
| 260 | _aMéxico | ||
| 300 | _a52-57 | ||
| 362 | 0 | _a1998 No. 33, feb. | |
| 653 | 0 | _aCURRICULUM | |
| 653 | 0 | _aDERECHOS HUMANOS | |
| 653 | 0 | _aDEMOCRACIA | |
| 905 | _aArticulo | ||
| 999 |
_c115987 _d115987 |
||